Factors influencing the success of supplier relationship management strategies of selected retail supermarkets in Nakuru town (Record no. 18815)
[ view plain ]
| 000 -LEADER | |
|---|---|
| fixed length control field | 00462nam a22001217a 4500 |
| 008 - FIXED-LENGTH DATA ELEMENTS--GENERAL INFORMATION | |
| fixed length control field | 210219b xxu||||| |||| 00| 0 eng d |
| 050 ## - LIBRARY OF CONGRESS CALL NUMBER | |
| Classification number | GMB0051 |
| Item number | .O54 2017 c.1 |
| 100 ## - MAIN ENTRY--PERSONAL NAME | |
| Personal name | Ongeri, Job Ondicho |
| 245 ## - TITLE STATEMENT | |
| Title | Factors influencing the success of supplier relationship management strategies of selected retail supermarkets in Nakuru town |
| Statement of responsibility, etc. | Job Ondicho Ongeri |
| 260 ## - PUBLICATION, DISTRIBUTION, ETC. (IMPRINT) | |
| Place of publication, distribution, etc. | Kabarak, Nakuru, Kenya |
| Name of publisher, distributor, etc. | Kabarak University |
| Date of publication, distribution, etc. | 2017 |
| 300 ## - PHYSICAL DESCRIPTION | |
| Extent | 92 leaves |
| 942 ## - ADDED ENTRY ELEMENTS (KOHA) | |
| Source of classification or shelving scheme | Library of Congress Classification |
| Koha item type | Thesis, Dissertation and Projecs |
| Withdrawn status | Lost status | Source of classification or shelving scheme | Not for loan | Home library | Current library | Date acquired | Total Checkouts | Full call number | Barcode | Date last seen | Date last checked out | Price effective from | Koha item type |
|---|---|---|---|---|---|---|---|---|---|---|---|---|---|
| Library of Congress Classification | Kabarak, Main Campus | Kabarak, Main Campus | 19/02/2021 | 1 | GMB0051 .O54 2017 c.1 | 030569 | 19/11/2025 | 19/11/2025 | 19/02/2021 | Thesis, Dissertation and Projecs | |||
| Library of Congress Classification | Kabarak, Main Campus | Kabarak, Main Campus | 19/02/2021 | GMB0051 .O54 2017 c.2 | 030570 | 19/02/2021 | 19/02/2021 | Thesis, Dissertation and Projecs |